000 03664 a2200457 4500
003 Nust
005 20170207164544.0
020 _a9783642408403
024 7 _a10.1007/978-3-642-40840-3
035 _a(EBZ)ebs2026529e
035 _a(EBZ)ebs2026529e
040 _cNust
082 0 4 _a005.437
082 0 4 _a4.019
100 1 _aLuo, Yuhua.
245 1 0 _aCooperative Design, Visualization, and Engineering
_h[Elektronisk resurs] :
_b10th International Conference, CDVE 2013, Alcudia, Mallorca, Spain, September 22-25, 2013. Proceedings /
_cedited by Yuhua Luo.
300 _aXII, 236 p. 89 illus.
_bonline resource.
490 1 _aLecture Notes in Computer Science,
_x0302-9743 ;
_v8091
500 _aE Book
520 _aThis book constitutes the refereed proceedings of the 10th International Conference on Cooperative Design, Visualization, and Engineering, CDVE 2013, held in Palma de Mallorca, Spain, in September 2013. The 34 revised full papers presented were carefully reviewed and selected from numerous submissions. The papers cover all the topics of cooperative engineering, basic theories, methods and technologies that support CDVE, cooperative design, visualization and applications. There are special contributions dealing with the cooperative issues brought by the Internet of things - such as the situation in the ambient assisted living systems. Other papers in the volume cover a wide range of cooperative application topics such as cooperative e-learning, cooperative decision making and cooperative simulation etc.
650 0 _aComputer aided design.
650 0 _aComputer science.
650 0 _aComputer Science.
650 0 _aComputer-Aided Engineering (CAD, CAE) and Design.
650 0 _aComputers and Society.
650 0 _aInformation storage and retrieval systems.
650 0 _aInformation Storage and Retrieval.
650 0 _aInformation Systems Applications (incl. Internet).
650 0 _aOptical pattern recognition.
650 0 _aPattern Recognition.
650 0 _aUser Interfaces and Human Computer Interaction.
710 2 _aSpringerLink (Online service)
830 0 _aLecture Notes in Computer Science,
856 4 2 _uhttp://dx.doi.org/10.1007/978-3-642-40840-3
856 4 2 _uhttp://ep.bib.mdh.se/login?url=http://link.springer.com/openurl?genre=book&isbn=978-3-642-40839-7
856 4 2 _uhttp://link.libris.kb.se/sfxprv?url_ver=Z39.88-2004&ctx_ver=Z39.88-2004&ctx_enc=info:ofi/enc:UTF-8&rfr_id=info:sid/sfxit.com:opac_856&url_ctx_fmt=info:ofi/fmt:kev:mtx:ctx&sfx.ignore_date_threshold=1&rft.object_id=3710000000015950&svc_val_fmt=info:ofi/fmt:kev:mtx:sch_svc&
856 4 2 _uhttp://sfxeu10.hosted.exlibrisgroup.com/sfxjon/?url_ver=Z39.88-2004&ctx_ver=Z39.88-2004&ctx_enc=info:ofi/enc:UTF-8&rfr_id=info:sid/sfxit.com:opac_856&url_ctx_fmt=info:ofi/fmt:kev:mtx:ctx&sfx.ignore_date_threshold=1&rft.object_id=3710000000015950&svc_val_fmt=info:ofi/fmt:kev:mtx:sch_svc&
856 4 2 _uhttp://sfxeu10.hosted.exlibrisgroup.com/sfxkth?url_ver=Z39.88-2004&ctx_ver=Z39.88-2004&ctx_enc=info:ofi/enc:UTF-8&rfr_id=info:sid/sfxit.com:opac_856&url_ctx_fmt=info:ofi/fmt:kev:mtx:ctx&sfx.ignore_date_threshold=1&rft.object_id=3710000000015950&svc_val_fmt=info:ofi/fmt:kev:mtx:sch_svc&
856 4 2 _uhttp://sfxeu11.hosted.exlibrisgroup.com/sfxmiu/?url_ver=Z39.88-2004&ctx_ver=Z39.88-2004&ctx_enc=info:ofi/enc:UTF-8&rfr_id=info:sid/sfxit.com:opac_856&url_ctx_fmt=info:ofi/fmt:kev:mtx:ctx&sfx.ignore_date_threshold=1&rft.object_id=3710000000015950&svc_val_fmt=info:ofi/fmt:kev:mtx:sch_svc&
856 4 2 _uhttps://lt.ltag.bibl.liu.se/login?url=http://link.springer.com/openurl?genre=book&isbn=978-3-642-40839-7
942 _2ddc
_cBK
999 _c209241
_d209241